|
|
|
|
| LEADER |
00996nam a2200265 a 4500 |
| 001 |
11513 |
| 008 |
130615s1991 enka b 001 0 eng d |
| 010 |
|
|
|a 92144253
|
| 020 |
|
|
|a 0582606098
|
| 040 |
|
|
|a DLC
|c DLC
|d BD-DhAAL
|
| 082 |
0 |
0 |
|a 635/.0913
|2 20
|
| 100 |
1 |
|
|a Williams, C. N.
|
| 245 |
1 |
0 |
|a Vegetable production in the tropics /
|c C.N. Williams, J.O. Uzo, W. T.H. Peregrine.
|
| 260 |
|
|
|a Essex, England :
|b Longman Scientific and Technical,
|c c1991.
|
| 300 |
|
|
|a viii, 179 p. :
|b ill. ;
|c 22 cm.
|
| 490 |
|
0 |
|a Intermediate tropical agriculture series
|
| 504 |
|
|
|a Includes bibliographical references (p. 152-154) and index.
|
| 541 |
|
|
|e 11513
|
| 650 |
|
0 |
|a Truck farming
|z Tropics.
|
| 650 |
|
0 |
|a Vegetables
|z Tropics.
|
| 700 |
1 |
|
|a Uzo, J. O.
|
| 700 |
1 |
|
|a Peregrine, W. T. H.
|
| 852 |
1 |
|
|a Ayesha Abed Library
|j General shelf.
|
| 999 |
|
|
|c 13582
|d 13582
|
| 952 |
|
|
|0 0
|1 0
|4 0
|6 635_091300000000000_WIL
|7 0
|9 22719
|a BRACUL
|b BRACUL
|c GEN
|d 2013-06-15
|l 0
|o 635.0913 WIL
|p 3010011513
|r 2013-06-16
|t 1
|w 2013-06-15
|y BK
|